[Event "Timbo op 3rd"]
[Site "Timbo"]
[Date "2023.11.05"]
[Round "6"]
[White "Hornburg, Gustavo Arthur"]
[Black "Rassweiler, Erick Matheus"]
[Result "1-0"]
[WhiteElo "1345"]
[BlackElo "1084"]
[PlyCount "57"]
[EventDate "2023.11.03"]
[EventType "swiss"]
[EventRounds "6"]
[EventCountry "BRA"]
[SourceTitle "CB49_2023"]
[SourceDate "2023.12.06"]
[SourceVersion "1"]
[SourceVersionDate "2023.12.06"]
[SourceQuality "1"]

1. c4 e6 2. g3 Nf6 3. Bg2 Be7 4. Nc3 Nc6 5. d4 b6 6. e4 0-0 7. e5 Ne8 8. Nf3 Bb7 9. Be3 f6 10. 0-0 fxe5 11. dxe5 Bb4 12. Rc1 Ne7 13. a3 Bxc3 14. Rxc3 Nf5 15. Bg5 Qc8 16. Re1 h6 17. Bc1 Kh7 18. g4 Ne7 19. Rd3 Bc6 20. g5 h5 21. Nh4 g6 22. Bxc6 dxc6 23. Rd7 Rf7 24. Qd3 Kg7 25. Rxe7 Rxe7 26. Qxg6+ Kf8 27. Qxh5 Ng7 28. Qh8+ Kf7 29. g6# 1-0

[Event "Catarinense-ch U20"]
[Site "Rio Negrinho"]
[Date "2023.03.25"]
[Round "3"]
[White "Hornburg, Gustavo Arthur"]
[Black "Fossatti, Igor Anton"]
[Result "1/2-1/2"]
[WhiteElo "1348"]
[BlackElo "1442"]
[PlyCount "115"]
[EventDate "2023.03.24"]
[EventType "swiss"]
[EventRounds "6"]
[EventCountry "BRA"]
[SourceTitle "CBM 213 Extra"]
[Source "ChessBase"]
[SourceDate "2023.05.31"]
[SourceVersion "1"]
[SourceVersionDate "2023.05.31"]
[SourceQuality "1"]

1. c4 Nf6 2. Nc3 g6 3. g3 Bg7 4. Bg2 0-0 5. d4 e6 6. e4 c6 7. e5 Ne8 8. f4 d5 9. c5 b6 10. b4 a5 11. Qa4 Bb7 12. Bd2 Na6 13. cxb6 Nxb4 14. Bf1 Qxb6 15. Nf3 Ba6 16. Rb1 Bxf1 17. Rxf1 Qa6 18. Kf2 f6 19. Kg1 fxe5 20. Nxe5 Bxe5 21. dxe5 Qd3 22. Rxb4 axb4 23. Qxa8 Qxd2 24. Nb1 Qd4+ 25. Rf2 Nf6 26. Qxc6 Ne4 27. Qc2 Qxf2+ 28. Qxf2 Nxf2 29. Kxf2 Ra8 30. Nd2 Rxa2 31. Ke3 b3 32. Kd3 Ra1 33. Nxb3 Rh1 34. Kd4 Rxh2 35. Kc5 Rh3 36. Nd4 Kf7 37. Kd6 Rxg3 38. Nxe6 Rd3 39. Ng5+ Kg7 40. e6 h6 41. Nf7 Re3 42. Kxd5 Kf6 43. Ne5 Re1 44. Ng4+ Ke7 45. Nxh6 Rxe6 46. f5 gxf5 47. Nxf5+ Kf6 48. Nd4 Ra6 49. Kc5 Ra1 50. Nb3 Rd1 51. Kc4 Ke5 52. Kc3 Rd8 53. Kc4 Rd7 54. Kc3 Kf4 55. Kc4 Rd8 56. Kc3 Ke3 57. Kc4 Rd7 58. Nc5 1/2-1/2

[Event "Timbo op"]
[Site "Timbo"]
[Date "2021.06.12"]
[Round "2"]
[White "Hornburg, Gustavo Arthur"]
[Black "Mariani, Kim Paul"]
[Result "1-0"]
[WhiteElo "1398"]
[BlackElo "1102"]
[PlyCount "71"]
[EventDate "2021.06.11"]
[EventType "swiss"]
[EventRounds "6"]
[EventCountry "BRA"]
[SourceTitle "EXT 2022"]
[Source "ChessBase"]
[SourceDate "2021.10.06"]
[SourceVersion "1"]
[SourceVersionDate "2021.10.06"]
[SourceQuality "1"]

1. c4 f5 2. d4 e6 3. Nc3 c6 4. Nf3 Nf6 5. Bg5 d5 6. e3 Bb4 7. a3 Bxc3+ 8. bxc3 Nbd7 9. Ne5 Qc7 10. Bf4 Qa5 11. Qb3 Ne4 12. Rc1 Nxe5 13. Bxe5 0-0 14. f3 Nf6 15. Bd3 Nd7 16. Bd6 Rf6 17. Kd2 h5 18. h3 Rg6 19. Rhg1 b6 20. g4 hxg4 21. hxg4 Rf6 22. Rg3 fxg4 23. Rxg4 b5 24. cxb5 cxb5 25. Bxb5 Qd8 26. Rcg1 Rf7 27. Bc6 Nb6 28. Bxa8 Qxd6 29. R4g3 Nxa8 30. Qb1 Nb6 31. Rh3 Nc4+ 32. Ke2 Ba6 33. Kf2 Nd2 34. Qh7+ Kf8 35. Qh8+ Ke7 36. Rxg7 1-0

[Event "Santa Catarina-ch 64th "]
[Site "Lages"]
[Date "2020.02.16"]
[Round "5"]
[White "Hornburg, Gustavo Arthur"]
[Black "Silva, Guilherme Henrique"]
[Result "0-1"]
[WhiteElo "1415"]
[BlackElo "1705"]
[PlyCount "68"]
[EventDate "2020.02.14"]
[EventType "swiss"]
[EventRounds "6"]
[EventCountry "BRA"]
[SourceTitle "CBM 195 Extra"]
[Source "ChessBase"]
[SourceDate "2020.05.31"]
[SourceVersion "1"]
[SourceVersionDate "2020.05.31"]
[SourceQuality "1"]

1. c4 e5 2. Nc3 f5 3. d3 Nf6 4. g3 Nc6 5. Bg2 g6 6. Bg5 Bg7 7. Nd5 0-0 8. e3 h6 9. Bxf6 Bxf6 10. Ne2 Ne7 11. Nxf6+ Rxf6 12. f4 d6 13. Qb3 Kh7 14. Rd1 c6 15. Nc3 exf4 16. gxf4 g5 17. fxg5 hxg5 18. h4 g4 19. h5 Qe8 20. Ne2 Ng8 21. d4 f4 22. Qd3+ Bf5 23. e4 f3 24. Ng3 fxg2 25. Rg1 Kh8 26. Kd2 Kh7 27. Qe2 Rf7 28. Rxg2 c5 29. d5 Qe5 30. Nf1 Qxb2+ 31. Ke1 Qc3+ 32. Rd2 Raf8 33. Rg1 Nf6 34. Kd1 Qa1+ 0-1

[Event "Florianopolis Winter op 5th"]
[Site "Florianopolis"]
[Date "2019.09.01"]
[Round "6"]
[White "Seiffert, Gabriel Pamplona"]
[Black "Hornburg, Gustavo Arthur"]
[Result "1-0"]
[WhiteElo "1482"]
[BlackElo "1365"]
[PlyCount "79"]
[EventDate "2019.08.30"]
[EventType "swiss"]
[EventRounds "7"]
[EventCountry "BRA"]
[SourceTitle "EXT 2020"]
[Source "ChessBase"]
[SourceDate "2019.10.17"]
[SourceVersion "1"]
[SourceVersionDate "2019.10.17"]
[SourceQuality "1"]

1. d4 Nf6 2. c4 e6 3. Nc3 Bb4 4. a3 Bxc3+ 5. bxc3 Nc6 6. Qc2 b6 7. e4 d5 8. e5 Ne4 9. Be3 Na5 10. f3 f5 11. fxe4 fxe4 12. Nh3 0-0 13. Be2 Qh4+ 14. Nf2 Qe7 15. 0-0 Rf5 16. cxd5 exd5 17. Nh3 c5 18. Rxf5 Bxf5 19. c4 Rc8 20. dxc5 bxc5 21. cxd5 Qxe5 22. Rd1 Qd6 23. Bf4 Qg6 24. Kh1 e3 25. Bd3 Bxd3 26. Qxd3 Qg4 27. Bxe3 Nc4 28. Nf2 Nb2 29. Nxg4 Nxd3 30. Rxd3 h5 31. Ne5 Rf8 32. Kg1 Rb8 33. Bxc5 Rb1+ 34. Kf2 Rb2+ 35. Kf3 Rc2 36. d6 Rxc5 37. d7 Rxe5 38. d8Q+ Kh7 39. Qd5 Rxd5 40. Rxd5 1-0

[Event "Florianopolis Winter op 5th"]
[Site "Florianopolis"]
[Date "2019.08.31"]
[Round "4"]
[White "Colaco, Willian Wagner Soar"]
[Black "Hornburg, Gustavo Arthur"]
[Result "0-1"]
[WhiteElo "1565"]
[BlackElo "1365"]
[PlyCount "60"]
[EventDate "2019.08.30"]
[EventType "swiss"]
[EventRounds "7"]
[EventCountry "BRA"]
[SourceTitle "EXT 2020"]
[Source "ChessBase"]
[SourceDate "2019.10.17"]
[SourceVersion "1"]
[SourceVersionDate "2019.10.17"]
[SourceQuality "1"]

1. Nf3 d5 2. d4 Nf6 3. Ne5 Bf5 4. c3 e6 5. Bg5 Be7 6. e3 Nbd7 7. f4 Ne4 8. Bxe7 Qxe7 9. g3 a6 10. Bg2 c5 11. Nd2 cxd4 12. exd4 Ndf6 13. Nxe4 Bxe4 14. 0-0 0-0 15. Bh3 Rfc8 16. f5 Rd8 17. fxe6 fxe6 18. Qd2 Rd6 19. Rf2 Qe8 20. Qf4 Qh5 21. Ng4 Rf8 22. Qxd6 Qxh3 23. Nxf6+ gxf6 24. Re1 Rf7 25. Ree2 h6 26. c4 Kg7 27. c5 Kh7 28. Qf4 Rg7 29. Qxf6 Rxg3+ 30. Rg2 Rxg2+ 0-1